00467nam a2200193 a 4500001001300000003000900013005001700022008004100039020001000080082001800090100001900108245001800127260003200145300000900177500003500186505001300221650002000234700001900254nice12345678IN_TiNIC20260116011902.0050524s1967 dela grp 000 0 urd  ac5.500a891.4393bZAI aZaidi, Murtaza aChhoti Sarkar aDelhibTaj Publishersc1967 a254p aincludes index and biblioraphy2 aAppendix aUrdu-Literature1 aZaidi, Murtaza